A potential threat to kids' health is no reason to override policy (Record no. 74885)

MARC details
000 -LEADER
fixed length control field 01934cam a2200265 4500
001 - CONTROL NUMBER
control field ABS68762
008 - FIXED-LENGTH DATA ELEMENTS--GENERAL INFORMATION
fixed length control field 031219n2005 000 0 eng u
035 ## - SYSTEM CONTROL NUMBER
System control number (Sirsi) u128952
100 ## - MAIN ENTRY--PERSONAL NAME
Personal name Franklin, K.
245 #2 - TITLE STATEMENT
Title A potential threat to kids' health is no reason to override policy
260 ## - PUBLICATION, DISTRIBUTION, ETC.
Date of publication, distribution, etc. 2005
490 ## - SERIES STATEMENT
Series statement Architects' Journal
Volume/sequential designation 221(7) 24 February 2005, 48(1)
520 ## - SUMMARY, ETC.
Summary, etc. Comments on "T-Mobile (UK) Ltd and others v First SoS and another" ([2004] EWCA Civ 1763, Times 16 November 2004), which concentrated on a T-Mobile telecommunications mast in use since 2001. In 2003 permission was sought to build a more substantial mast so that two additional companies could fix a further nine antennae and six dishes. The council refused on the grounds that the proposed mast would detract unreasonably from the local amenities. The planning inspector dismissed the appeal but on different grounds from the planners by arguing that the masts were a health risk, particularly as the base stations were to be situated near schools. The inspector relied upon the government's independent Stewart Group recommendations that assumed young children may be particularly vulnerable to the effects of electromagnetic radiation. The CA, in overturning its decision, found that these considerations had meant that the planning inspector had departed from government policy. While he was entitled to consider health issues he would have to prove that they were an exceptional threat; the telecommunications mast's proposed beam was not exceptional.
590 ## - LOCAL NOTE (RLIN)
Local note ABS
650 ## - SUBJECT ADDED ENTRY--TOPICAL TERM
Topical term or geographic name entry element T-MOBILE (UK) LTD AND OTHERS V FIRST SOS AND ANOTHER
650 ## - SUBJECT ADDED ENTRY--TOPICAL TERM
Topical term or geographic name entry element MOBILE PHONE MASTS
650 ## - SUBJECT ADDED ENTRY--TOPICAL TERM
Topical term or geographic name entry element STEWART REPORT
650 ## - SUBJECT ADDED ENTRY--TOPICAL TERM
Topical term or geographic name entry element BASE STATIONS
650 ## - SUBJECT ADDED ENTRY--TOPICAL TERM
Topical term or geographic name entry element HEALTH RISKS
650 ## - SUBJECT ADDED ENTRY--TOPICAL TERM
Topical term or geographic name entry element PPG8
650 ## - SUBJECT ADDED ENTRY--TOPICAL TERM
Topical term or geographic name entry element TELECOMMUNICATIONS
650 ## - SUBJECT ADDED ENTRY--TOPICAL TERM
Topical term or geographic name entry element PLANNING PERMISSION
690 ## - LOCAL SUBJECT ADDED ENTRY--TOPICAL TERM (OCLC, RLIN)
Topical term or geographic name as entry element ENVIRONMENTAL AND LAND CONSULTANCY-PLANNING AND DEVELOPMENT
942 ## - ADDED ENTRY ELEMENTS (KOHA)
Suppress in OPAC 0
Holdings
Withdrawn status Lost status Source of classification or shelving scheme Damaged status Not for loan Home library Current library Shelving location Date acquired Total Checkouts Full call number Barcode Date last seen Copy number Price effective from Koha item type
    Dewey Decimal Classification     London London Journal article 07/03/2005   ABS68762 128952-1001 06/08/2019 1 06/08/2019 Journal article